Christian living in the home. (Record no. 13229)

000 -LEADER
fixed length control field 00728nam a2200205 a 4500
001 - CONTROL NUMBER
control field :::00011047$&:&@@
003 - CONTROL NUMBER IDENTIFIER
control field OkBaRHE
005 - DATE AND TIME OF LATEST TRANSACTION
control field 20000607103405.0
008 - FIXED-LENGTH DATA ELEMENTS--GENERAL INFORMATION
fixed length control field s1981 j 000 0 eng u
020 ## - INTERNATIONAL STANDARD BOOK NUMBER
International Standard Book Number 0801000513\0801000521 (pbk.)
040 ## - CATALOGING SOURCE
Transcribing agency
100 1# - MAIN ENTRY--PERSONAL NAME
Personal name Adams, Jay Edward.
245 10 - TITLE STATEMENT
Title Christian living in the home.
260 ## - PUBLICATION, DISTRIBUTION, ETC. (IMPRINT)
Place of publication, distribution, etc Phillipsburg, NJ., :
Name of publisher, distributor, etc Presbyterian and Reformed Publishing Co.
Date of publication, distribution, etc 1981
300 ## - PHYSICAL DESCRIPTION
Extent 143 p. ;
Dimensions 21 cm.
650 ## - SUBJECT ADDED ENTRY--TOPICAL TERM
Topical term or geographic name as entry element Family
General subdivision Religious Life
942 ## - ADDED ENTRY ELEMENTS (KOHA)
Source of classification or shelving scheme
Koha item type Books
Copies
Withdrawn status Price effective from Shelving location Permanent Location Date last seen Date acquired Lost status Damaged status Koha item type Copy number Barcode Not for loan Source of classification or shelving scheme Full call number
 2010-04-14General StacksRHEMA Bible Training College2010-04-142010-04-14  Books111047  BV 4526.2 .A33
 2010-04-14General StacksRHEMA Bible Training College2010-04-142010-04-14  Books220224  BV 4526.2 .A33